Bordering Countries by highest Elevation - Statistics

General Stats
  • This quiz has been taken 114 times
  • The average score is 15 of 15
Answer Stats
Countries % Correct
China
100%
India
100%
Nepal
100%
Pakistan
100%
Kazakhstan
99%
Afghanistan
98%
Bhutan
98%
Tajikistan
98%
Kyrgyzstan
97%
Russia
96%
Argentina
95%
Chile
95%
Myanmar
95%
Peru
95%
Bolivia
94%
No matching quizzes found
Score Distribution
Percent of People with Each Score
Percentile by Number Answered
Your Score History
You have not taken this quiz